Searching for non- western roots of conflict resolution : (Record no. 92668)

MARC details
000 -LEADER
fixed length control field 00898nam a22002417a 4500
005 - DATE AND TIME OF LATEST TRANSACTION
control field 20230530110548.0
010 ## - LCCN (DPL NO)
LC control number ENG-112561 ENG-137022
020 ## - INTERNATIONAL STANDARD BOOK NUMBER
International Standard Book Number 9789381904718
Terms of availability 999.00
035 ## - SYSTEM CONTROL NUMBER
System control number EN-96093
035 ## - SYSTEM CONTROL NUMBER
System control number EN-120554
037 ## - SOURCE OF ACQUISITION
Source of stock number/acquisition DBAD/PUB
082 ## - DEWEY DECIMAL CLASSIFICATION NUMBER
Classification number 327.172
245 00 - TITLE STATEMENT
Title Searching for non- western roots of conflict resolution :
Remainder of title Discourse, Norms and Case Studies /
Statement of responsibility, etc edited by Shantanu Chakrabarti
260 ## - PUBLICATION, DISTRIBUTION, ETC. (IMPRINT)
Place of publication, distribution, etc New Delhi
Name of publisher, distributor, etc KW Publishers
Date of publication, distribution, etc 2013
270 ## - ADDRESS
Address 4676/21, First Floor, Ansari Road, Daryaganj,
City New Delhi
Postal code 110002
300 ## - PHYSICAL DESCRIPTION
Extent xiv,216p. :
Dimensions 24cm(Hb)
Other physical details map
500 ## - GENERAL NOTE
General note Includes bibliographical references.
520 ## - SUMMARY, ETC.
Summary, etc Papers presented at a conference held at Kolkata in January 2012.
650 ## - SUBJECT ADDED ENTRY--TOPICAL TERM
Topical term or geographic name as entry element Conflict management
Form subdivision Congresses.
650 ## - SUBJECT ADDED ENTRY--TOPICAL TERM
Topical term or geographic name as entry element Peace
Form subdivision Congresses.
700 ## - ADDED ENTRY--PERSONAL NAME
Personal name Chakrabarti, Shantanu
942 ## - ADDED ENTRY ELEMENTS (KOHA)
Source of classification or shelving scheme Dewey Decimal Classification
Item type English Books
Call number suffix SEA
Classification part 327.172
Holdings
Withdrawn status Lost status Not for loan Collection code Home library Current library Date acquired Source of acquisition Cost, normal purchase price Full call number Barcode Copy number Cost, replacement price Koha item type
      Non-fiction Ashok Vihar Ashok Vihar 23/05/2023 DBAD/PUB 999.00 327.172 SEA EN-120554 1 999.00 English Books
    Not For Loan Non-fiction D.B.Act.Division D.B.Act.Division 01/04/2015 DBAD/PUB 595.00 327.172 SEA EN-96093 1 595.00 English Books

© Delhi Public Library
Hit Counter
free hit counter